The Conference of the Hungarian Altaists 17-19th May, 1965

Elmentve itt :
Bibliográfiai részletek
Szerző: Róna-Tas András
Dokumentumtípus: Cikk
Megjelent: 1965
Sorozat:Acta Orientalia Academiae Scientiarum Hungaricae;Acta Orientalia Academiae Scientiarum Hungaricae : a Magyar Tudományos Akadémia orientalisztikai közleményei
Kulcsszavak:Altajisztika - konferencia
Tárgyszavak:
Online Access:http://misc.bibl.u-szeged.hu/64440
LEADER 00901nab a2200229 i 4500
001 misc64440
005 20231017143325.0
008 230622s1965 hu o 0|| eng d
040 |a SZTE Miscellanea Repozitórium  |b hun 
041 |a eng 
100 2 |a Róna-Tas András 
245 1 4 |a The Conference of the Hungarian Altaists 17-19th May, 1965  |h [elektronikus dokumentum] /  |c  Róna-Tas András 
260 |c 1965 
300 |a 378-379  |c 21 cm 
300 |a [2] p.  |c 21 cm 
490 0 |a Acta Orientalia Academiae Scientiarum Hungaricae;Acta Orientalia Academiae Scientiarum Hungaricae : a Magyar Tudományos Akadémia orientalisztikai közleményei 
561 |a Németh Gyula hagyaték 
591 |a NOA 5017 
650 4 |a Bölcsészettudományok 
650 4 |a Nyelvek és irodalom 
695 |a Altajisztika - konferencia 
856 4 0 |u http://misc.bibl.u-szeged.hu/64440/1/5017_noa.pdf  |z Dokumentum-elérés